00419 a2200157 4500010001400000020001000014035001300024037001600037082000800053100002300061245004000084260005200124270003400176300003100210500002000241 aENG-88916 c70.00 aEN-72449 bDBAD / PUB a2201 aSuryakantam, Karra1 aAtmadarsini /cby Karra Suryakantam aVisakhapatnambSri Aurobindo Ashram Trustc2005 aVisakhapatnamcAndhra Pradesh axxvii, 362p. :c23m (pbk) aIncludes index